[Event "Eforie Nord op 2nd"]
[Site "Eforie Nord"]
[Date "2010.06.23"]
[Round "7"]
[White "Chifor, Ovidiu Emanuel"]
[Black "Itkis, Boris"]
[Result "0-1"]
[WhiteElo "2264"]
[BlackElo "2434"]
[PlyCount "152"]
[EventDate "2010.06.18"]
[EventType "swiss"]
[EventRounds "11"]
[EventCountry "ROU"]
[SourceTitle "CBM 137 Extra"]
[Source "ChessBase"]
[SourceDate "2010.09.01"]
[SourceVersion "1"]
[SourceVersionDate "2010.09.01"]
[SourceQuality "1"]

1. d4 Nf6 2. c4 e6 3. Nc3 Bb4 4. g3 0-0 5. Bg2 d5 6. Nf3 dxc4 7. 0-0 Nc6 8. a3 Bxc3 9. bxc3 Bd7 10. Bg5 h6 11. Bxf6 Qxf6 12. Ne5 Nxe5 13. dxe5 Qe7 14. Bxb7 Rab8 15. Ba6 Rfd8 16. Bxc4 Bb5 17. Bd3 Qc5 18. Qc2 Bxd3 19. exd3 Qxe5 20. d4 Qa5 21. Rfe1 Rd5 22. Rab1 Rb6 23. a4 g6 24. Red1 Qa6 25. Rxb6 axb6 26. Rb1 Qc4 27. Rb4 Qc6 28. Qd3 Ra5 29. Rc4 Qd7 30. Qc2 b5 31. Rc5 Rxa4 32. Qd2 Kg7 33. Qf4 c6 34. Qe5+ Kh7 35. Qe4 Rc4 36. Rxc4 bxc4 37. Qf4 Qa7 38. h4 Kg7 39. Qe5+ Kg8 40. Kg2 Qb7 41. h5 gxh5 42. Qxh5 c5+ 43. Kh2 cxd4 44. Qg4+ Kh7 45. Qxd4 Qd5 46. Qf6 Qf5 47. Qd4 Kg6 48. Kg1 Qd5 49. Qg4+ Kh7 50. Qf4 Kg7 51. Qg4+ Kf8 52. Qf4 h5 53. Qf6 Ke8 54. Kf1 Qd8 55. Qg7 Qd3+ 56. Kg1 Qd1+ 57. Kg2 Qd5+ 58. Kf1 Ke7 59. Ke2 h4 60. gxh4 Qe4+ 61. Kd1 Qxh4 62. Qg2 Qf4 63. Qb7+ Kf6 64. Qc6 Kf5 65. Qb7 Kf6 66. Qc6 Kg5 67. Qc5+ Kg4 68. Ke1 Qc1+ 69. Ke2 Qxc3 70. Kf1 Qd3+ 71. Kg1 c3 72. Qe5 c2 73. f3+ Kxf3 74. Qh5+ Ke3 75. Qe5+ Qe4 76. Qc3+ Ke2 0-1